000 00931 a2200241 4500
001 41220
005 20260407155706.0
008 260407a2007 arg spa d
003 AR-UNSa-BCEJYS
040 _aAR-UNSa-BCEJYS
_bspa
_cAR-UNSa-BCEJYS
080 _a336.23
_xTasas y contribuciones
245 1 0 _aTributos por publicidad y propaganda
020 _a950-894-615-7
264 1 _aBuenos Aires :
_bAD-HOC
_c2007
300 _a190 p.
_c23 cm.
505 _a1. Consideraciones generales: ubicación de los municipios en el ordenamiento constitucional federal - 2. Tasas municipales - 3. Tributos por publicidad y propaganda - 4. Procedimientos y competencia - 5. Conclusión
041 _aspa
942 _cBK
590 _aniveau_biblio:m niveau_hierar:0
100 1 _aAlcón, Fernando
700 1 _aMarcos, Laura M.
856 4 1 _uhttps://biblioeco.unsa.edu.ar/pmb/images/libros/L126450.jpg
_yImagen de portada
_qimage/jpeg
999 _c3433
_d3433